000 03020nam a22002657a 4500
003 NALT
005 20251121155918.0
008 250922b th ||||| |||| 00| 0 tha d
020 _a9786166091076
040 _aNALT
100 0 _aวรธณัท ธัญญหาญ.
_967057
245 1 0 _a12 เครื่องมือ AI อัจฉริยะ ช่วยคุณทำงานไวขึ้น 10 เท่า /
_cผู้เขียน, วรธณัท ธัญญหาญ ; บรรณาธิการ, สหวัสส์ เฉลิมชัยวัฒน์.
_h[electronic resource]
260 _aกรุงเทพฯ :
_bเช็ก,
_c2568.
300 _aOnline resource
505 0 _aบทนำ -- รู้จักกับ GPT เครื่องมือที่จะทำให้การใช้ AI เป็นเรื่องง่าย -- เริ่มต้น ใช้งาน GPT -- เครื่องมือที่ 1 ใช้ AI สรุปและวิเคราะห์เนื้อหาจาก File ของเรา -- เครื่องมือที่ 2 ถอด File Video หรือเสียง เป็นตัวอักษร -- เครื่องมือที่ 3 การฝึกภาษากับ AI -- เครื่องมือที่ 4 การทำ Flowchart -- เครื่องมือที่ 5 การเขียน Mind Map -- เครื่องมือที่ 6 ใช้AI ช่วยแก้ไขทุกปัญหา Excel -- เครื่องมือที่ 7 การเขียนอีเมล -- เครื่องมือที่ 8 การวางแผนนำเสนอด้วย AI -- เครื่องมือที่ 9 AI ช่วยการวางแผนแก้ปัญหา -- เครื่องมือที่ 10 AI ช่วยสร้างงานเขียนภาษาไทย -- เครื่องมือที่ 11 ใช้ AI สร้างภาพสวยๆ -- เครื่องมือที่ 12 AI ช่วยสร้างไอเดียใหม่ๆ -- วิธีการหา GPT อื่นๆ ตามความสนใจของคุณ -- วิธีการใช้งาน ทุก GPT ให้เป็นเร็ว -- บทส่งท้าย.
650 4 _aปัญญาประดิษฐ์
_930014
650 4 _aนวัตกรรมทางเทคโนโลยี
_910581
650 4 _aธุรกิจ
_xการประมวลผลข้อมูล
_953469
650 4 _aเทคโนโลยี
_xคู่มือ
_967054
700 0 _aสหวัสส์ เฉลิมชัยวัฒน์.
_962119
850 _aNALT
856 4 0 _uhttps://ebook.parliament.go.th/ebookall/detail/438293
_zE-Book
942 _cEBK
_2lcc
996 _abkk407106
_bLIBSTF
_c2025-11-21
999 _c107220
_d107220
998 _j9103
_k วรินทร์ดา อินถนอม